[Event "4NCL Online Division 6"]
[Site "online"]
[Date "2021.03.09"]
[EventDate "2021.03.09"]
[Round "4.162"]
[White "Drel, Anton"]
[WhiteElo "1510"]
[WhiteTeam "Barnet Knights C"]
[Black "Dupuis, Denis K"]
[BlackElo "1881"]
[BlackTeam "Battersea Juniors"]
[Result "1-0"]
[PlyCount "65"]

1. e4 e5 2. Nf3 Nc6 3. Bc4 Nf6 4. d4 exd4 5. O-O Nxe4 6. Re1 d5 7. Bxd5 Qxd5 8. Nc3 Qh5 9. Nxe4 Be6 10. Bg5 h6 11. Bf6 Qg6 12. Nh4 Qh7 13. Qh5 Be7 14. Bxe7 Nxe7 15. Qb5+ c6 16. Nd6+ Kd7 17. Qc5 b6 18. Qxd4 Nd5 19. Qe5 Qxc2 20. Rac1 Qa4 21. Nxf7 Bxf7 22. Qf5+ Be6 23. Qxe6+ Kc7 24. Re4 Qb5 25. a4 Qxb2 26. Qxc6+ Kb8 27. Qd6+ Kb7 28. Qxd5+ Kb8 29. Qd6+ Kb7 30. Rc7+ Ka6 31. Qd3+ Ka5 32. Nf3 Rad8 33. Rxa7# 1-0

[Event "4NCL Online Division 6"]
[Site "online"]
[Date "2021.03.09"]
[EventDate "2021.03.09"]
[Round "4.163"]
[White "Agrawal, Shivam"]
[WhiteElo "1836"]
[WhiteTeam "Battersea Juniors"]
[Black "Sarkar, Rian"]
[BlackElo "1526"]
[BlackTeam "Barnet Knights C"]
[Result "1-0"]
[PlyCount "73"]

1. d4 Nf6 2. Nf3 g6 3. b3 Bg7 4. Bb2 O-O 5. c4 d6 6. e3 c5 7. Bd3 Bd7 8. O-O Nc6 9. a3 a6 10. Nbd2 Qc7 11. Qc2 Na7 12. dxc5 dxc5 13. Rac1 Rac8 14. Rfd1 Rfd8 15. h3 Bc6 16. Ne4 Nxe4 17. Bxg7 Kxg7 18. Bxe4 Bxe4 19. Qxe4 Nc6 20. g4 Qa5 21. a4 Qb4 22. Ne5 Qxb3 23. Rxd8 Nxd8 24. Nd7 Nc6 25. Rb1 Qxa4 26. Nb6 f5 27. gxf5 Qa5 28. Nxc8 Qc7 29. Nb6 a5 30. Nd5 Qd7 31. fxg6 Qxh3 32. Nxe7 Nxe7 33. Qxe7+ Kxg6 34. Rb6+ Kf5 35. Rf6+ Kg4 36. Qg7+ Kh5 37. Rh6# 1-0

[Event "4NCL Online Division 6"]
[Site "online"]
[Date "2021.03.09"]
[EventDate "2021.03.09"]
[Round "4.164"]
[White "Angelopoulos, Andreas"]
[WhiteElo "1509"]
[WhiteTeam "Barnet Knights C"]
[Black "Steiners, Emils"]
[BlackElo "1613"]
[BlackTeam "Battersea Juniors"]
[Result "1/2-1/2"]
[PlyCount "59"]

1. d4 d5 2. c4 e6 3. Nc3 Nf6 4. Bg5 Nbd7 5. Nf3 c6 6. e3 Qa5 7. Nd2 dxc4 8. Bxf6 Nxf6 9. Nxc4 Qc7 10. Bd3 Be7 11. O-O O-O 12. Rc1 a5 13. Ne5 Qd8 14. Na4 Nd7 15. f4 Nxe5 16. fxe5 Bd7 17. Rf3 Rc8 18. Rg3 c5 19. Nxc5 Bxc5 20. Rxc5 Rxc5 21. dxc5 Bc6 22. Qc2 g6 23. Rh3 Qd5 24. e4 Qxe5 25. Qf2 Rd8 26. Qh4 Qd4+ 27. Kf1 h5 28. Rg3 Kf8 29. Rf3 Ke8 30. Qf4 1/2-1/2

[Event "4NCL Online Division 6"]
[Site "online"]
[Date "2021.03.23"]
[EventDate "2021.03.23"]
[Round "5.11"]
[White "Wilby, Robert G"]
[WhiteElo "1647"]
[WhiteTeam "Plymouth 2"]
[Black "Gardner, Phillip K"]
[BlackElo "1891"]
[BlackTeam "Deaf England 1"]
[Result "1/2-1/2"]
[PlyCount "30"]

1. d4 Nf6 2. c4 c5 3. e3 e6 4. g3 cxd4 5. exd4 Bb4+ 6. Nc3 d5 7. Bd2 dxc4 8. Nge2 Nc6 9. a3 Bxc3 10. Bxc3 Qd5 11. Rg1 Kf8 12. Bg2 Qd7 13. Qa4 Nd5 14. Qxc4 a6 15. O-O-O Nce7 1/2-1/2

[Event "4NCL Online Division 6"]
[Site "online"]
[Date "2021.03.23"]
[EventDate "2021.03.23"]
[Round "5.12"]
[White "MacLeod, Alasdair"]
[WhiteElo "1818"]
[WhiteTeam "Deaf England 1"]
[Black "Wood, Paul E"]
[BlackElo "1588"]
[BlackTeam "Plymouth 2"]
[Result "1-0"]
[PlyCount "105"]

1. e4 c6 2. d4 d5 3. e5 c5 4. dxc5 e6 5. f4 Bxc5 6. Nf3 Ne7 7. Bd3 Nf5 8. Bxf5 exf5 9. c3 O-O 10. Nbd2 Nc6 11. Nb3 Bb6 12. Qe2 a5 13. Be3 Re8 14. O-O Bc7 15. Qd2 a4 16. Nbd4 Na5 17. b3 Qd7 18. Rfd1 b5 19. Qc2 Nb7 20. Qe2 Bb6 21. Kh1 Nc5 22. Qxb5 Qxb5 23. Nxb5 axb3 24. Bxc5 Bxc5 25. Nc7 Be6 26. Nxe8 b2 27. Rab1 Rxa2 28. g3 Be3 29. Nd4 Bd7 30. Nc7 Ba4 31. Rf1 Bxd4 32. cxd4 Bc2 33. Kg2 Be4+ 34. Kf2 Kf8 35. Nb5 Bd3 36. Nc3 Ra3 37. Ne2 Rb3 38. Rfd1 Bc2 39. Ke1 Ke7 40. Kd2 Bxd1 41. Kxd1 Ra3 42. Kc2 Re3 43. Nc3 Rf3 44. Rxb2 Rf2+ 45. Kb3 Rxb2+ 46. Kxb2 Ke6 47. Kb3 h6 48. Kb4 g5 49. Kc5 f6 50. Nxd5 fxe5 51. dxe5 gxf4 52. gxf4 h5 53. h4 1-0

[Event "4NCL Online Division 6"]
[Site "online"]
[Date "2021.03.23"]
[EventDate "2021.03.23"]
[Round "5.13"]
[White "Tatam, Anthony"]
[WhiteElo "1526"]
[WhiteTeam "Plymouth 2"]
[Black "Hunter, Gary"]
[BlackElo "1498"]
[BlackTeam "Deaf England 1"]
[Result "1-0"]
[PlyCount "43"]

1. d4 d5 2. e3 Nf6 3. Bd3 e6 4. f4 c5 5. c3 cxd4 6. exd4 Nbd7 7. Nf3 Ne4 8. Nbd2 Ndf6 9. O-O Be7 10. Ne5 O-O 11. Qe2 Nd6 12. Rf3 Nd7 13. Bxh7+ Kh8 14. Rh3 Nf6 15. Qd3 Nde4 16. Bxe4+ Kg8 17. Bh7+ Kh8 18. Ndf3 g6 19. Bxg6+ Kg7 20. Ng5 Rh8 21. Ngxf7 Rxh3 22. Qxh3 1-0

[Event "4NCL Online Division 6"]
[Site "online"]
[Date "2021.03.23"]
[EventDate "2021.03.23"]
[Round "5.14"]
[White "Paull, James"]
[WhiteElo "1200"]
[WhiteTeam "Deaf England 1"]
[Black "Peach, Clifford B"]
[BlackElo "1448"]
[BlackTeam "Plymouth 2"]
[Result "1/2-1/2"]
[PlyCount "77"]

1. e4 c6 2. Nf3 d5 3. exd5 Qxd5 4. Nc3 Qd8 5. d4 Bg4 6. Be2 e6 7. Be3 Nf6 8. Qd3 Be7 9. h3 Bxf3 10. gxf3 Nbd7 11. O-O-O Nd5 12. Kb1 Nxc3+ 13. Qxc3 Nf6 14. Bd3 Nd5 15. Qe1 Nxe3 16. fxe3 Bf6 17. Qb4 Qe7 18. Qxe7+ Bxe7 19. e4 O-O-O 20. c3 h6 21. Bc2 g5 22. Bb3 Kc7 23. Rhf1 Rhf8 24. c4 b6 25. a3 Bf6 26. d5 cxd5 27. cxd5 exd5 28. Rxd5 Rxd5 29. Bxd5 Be7 30. f4 f6 31. f5 Kb8 32. Re1 Bd6 33. Rc1 Rc8 34. Rc6 Rxc6 35. Bxc6 Be5 36. Kc2 Kc7 37. Bb5 Kd6 38. b3 Kc5 39. Be2 1/2-1/2

[Event "4NCL Online Division 6"]
[Site "online"]
[Date "2021.03.23"]
[EventDate "2021.03.23"]
[Round "5.21"]
[White "Gardiner, Harry"]
[WhiteElo "1651"]
[WhiteTeam "Crewe BOL"]
[Black "Du Boulay, Andrew"]
[BlackElo "1761"]
[BlackTeam "Hertford 2"]
[Result "1/2-1/2"]
[PlyCount "42"]

1. Nf3 d5 2. d4 e6 3. c4 Nf6 4. Bg5 c6 5. Nc3 Be7 6. e3 Nbd7 7. cxd5 Nxd5 8. Bxe7 Qxe7 9. Bd3 O-O 10. O-O h6 11. Re1 Rd8 12. Nxd5 cxd5 13. a3 Nf6 14. Ne5 Bd7 15. Rc1 Rdc8 16. Qb3 Bc6 17. f3 Nd7 18. Nxc6 bxc6 19. Qb7 Rab8 20. Qxa7 Ra8 21. Qb7 Rab8 1/2-1/2

[Event "4NCL Online Division 6"]
[Site "online"]
[Date "2021.03.23"]
[EventDate "2021.03.23"]
[Round "5.22"]
[White "Buswell, A Mark"]
[WhiteElo "1783"]
[WhiteTeam "Hertford 2"]
[Black "Price, David P"]
[BlackElo "1555"]
[BlackTeam "Crewe BOL"]
[Result "1-0"]
[PlyCount "55"]

1. e4 c6 2. d4 d5 3. exd5 cxd5 4. Bd3 Nf6 5. c3 g6 6. Nf3 Bg7 7. Bf4 Nc6 8. Nbd2 Nh5 9. Bg5 a6 10. Nf1 Qc7 11. Qc1 h6 12. Bd2 Bd7 13. b4 Nd8 14. Ng3 Nf6 15. O-O Ne6 16. a4 b6 17. Re1 h5 18. Nh4 Ng4 19. h3 Nf6 20. Nf3 O-O-O 21. Bxa6+ Kb8 22. Ng5 h4 23. Nf1 Nxg5 24. Bf4 Nxh3+ 25. gxh3 Qxf4 26. Qxf4+ Ka7 27. Qc7+ Kxa6 28. b5+ 1-0

[Event "4NCL Online Division 6"]
[Site "online"]
[Date "2021.03.23"]
[EventDate "2021.03.23"]
[Round "5.23"]
[White "Nienaber, Kobus"]
[WhiteElo "1472"]
[WhiteTeam "Crewe BOL"]
[Black "Judkins, Brian D"]
[BlackElo "1727"]
[BlackTeam "Hertford 2"]
[Result "1-0"]
[PlyCount "81"]

1. d4 d5 2. Nc3 Nf6 3. Bf4 Bf5 4. Nf3 e6 5. e3 Bd6 6. Ne5 a6 7. Bd3 Bxd3 8. Nxd3 Bxf4 9. Nxf4 Nbd7 10. Nh5 Nxh5 11. Qxh5 Qe7 12. O-O-O c5 13. e4 Nf6 14. Qe5 dxe4 15. dxc5 O-O 16. Qd6 Qxd6 17. cxd6 Rfd8 18. Rhe1 Rd7 19. Nxe4 Nxe4 20. Rxe4 Rad8 21. Rb4 b5 22. a4 bxa4 23. Rb6 a5 24. Ra6 Kf8 25. Rxa5 Rxd6 26. Rxd6 Rxd6 27. Rxa4 Ke7 28. c4 e5 29. c5 Rc6 30. b4 Ke6 31. Ra7 g6 32. Rb7 Kd5 33. Rxf7 Kc4 34. Rb7 Rf6 35. f3 Re6 36. Kd2 e4 37. fxe4 Rxe4 38. c6 Re6 39. c7 Rc6 40. b5 Rc5 41. b6 1-0

[Event "4NCL Online Division 6"]
[Site "online"]
[Date "2021.03.23"]
[EventDate "2021.03.23"]
[Round "5.24"]
[White "Tuveri, Aaron"]
[WhiteElo "1713"]
[WhiteTeam "Hertford 2"]
[Black "Fields, Adam"]
[BlackElo "1468"]
[BlackTeam "Crewe BOL"]
[Result "0-1"]
[PlyCount "41"]

1. c4 e5 2. Nc3 Nc6 3. e4 Bc5 4. Nge2 d6 5. g3 Bg4 6. h3 Bf3 7. Rg1 f6 8. Qc2 Qd7 9. d3 Nge7 10. a3 a5 11. Be3 Nd4 12. Bxd4 exd4 13. Nd5 Nxd5 14. cxd5 Bh5 15. Nf4 Bf7 16. h4 O-O 17. Bh3 Qe7 18. Ne6 Rfe8 19. O-O-O c6 20. Nxc5 dxc5 21. dxc6 0-1

[Event "4NCL Online Division 6"]
[Site "online"]
[Date "2021.03.23"]
[EventDate "2021.03.23"]
[Round "5.31"]
[White "Jones, Bryan"]
[WhiteElo "1555"]
[WhiteTeam "Cornish Wreckers"]
[Black "Shen, Alex"]
[BlackElo "1676"]
[BlackTeam "MCS Oxford B"]
[Result "1-0"]
[PlyCount "99"]

1. e4 c5 2. Nc3 e6 3. f4 Nc6 4. Nf3 a6 5. d4 cxd4 6. Nxd4 Nxd4 7. Qxd4 Ne7 8. Be3 Nc6 9. Qd2 Bb4 10. O-O-O O-O 11. a3 Be7 12. Kb1 b5 13. Bxb5 axb5 14. Nxb5 Ba6 15. Nd6 Qc7 16. e5 Bxd6 17. Qxd6 Qxd6 18. Rxd6 Rfc8 19. Rxd7 Rab8 20. Rhd1 Na5 21. Ba7 Ra8 22. b3 Nc6 23. Be3 Rab8 24. Kb2 h6 25. R1d2 Rd8 26. Rxd8+ Nxd8 27. Rd7 Nc6 28. Bc5 Rc8 29. Bd6 Be2 30. Rc7 Rxc7 31. Bxc7 Kf8 32. c4 Ke7 33. Kc3 Kd7 34. Bd6 g6 35. b4 Kc8 36. a4 Kb7 37. Bc5 Bg4 38. b5 Nb8 39. a5 Bf5 40. Kb4 Be4 41. Bd6 Nd7 42. c5 Bxg2 43. a6+ Ka7 44. Ka5 g5 45. fxg5 hxg5 46. b6+ Ka8 47. Kb5 g4 48. c6 Nb8 49. b7+ Ka7 50. Bc5# 1-0

[Event "4NCL Online Division 6"]
[Site "online"]
[Date "2021.03.23"]
[EventDate "2021.03.23"]
[Round "5.32"]
[White "Turner, Ben"]
[WhiteElo "1591"]
[WhiteTeam "MCS Oxford B"]
[Black "Renshaw, Ian"]
[BlackElo "1478"]
[BlackTeam "Cornish Wreckers"]
[Result "1-0"]
[PlyCount "139"]

1. d4 e6 2. e4 d5 3. exd5 exd5 4. c4 Nf6 5. Nc3 Be7 6. Bg5 h6 7. Bxf6 Bxf6 8. Nxd5 O-O 9. Nxf6+ Qxf6 10. Nf3 Bg4 11. Be2 Nc6 12. O-O Rfe8 13. Re1 Bxf3 14. Bxf3 Nxd4 15. Bxb7 Rxe1+ 16. Qxe1 Rb8 17. Qe4 c5 18. Re1 Ne6 19. b3 Rd8 20. h3 Rd2 21. Re2 Qa1+ 22. Kh2 Qxa2 23. Rxd2 Qxd2 24. Bd5 Qf4+ 25. Qxf4 Nxf4 26. Kg3 Ne2+ 27. Kg4 Nd4 28. Kf4 Nxb3 29. Ke3 a5 30. Kd3 a4 31. Kc3 Nd4 32. Kb2 g5 33. Ka3 Kg7 34. Kxa4 f5 35. Ka5 Kf6 36. Kb6 Nb3 37. Bf3 Ke5 38. Bd1 Nd2 39. Kxc5 Ne4+ 40. Kb6 Kd4 41. f3 Nf6 42. Kb5 Nd7 43. Bc2 f4 44. Bf5 Nc5 45. Bh7 Nb3 46. Kb4 Nc5 47. Bg8 Na6+ 48. Kb5 Nc5 49. Kc6 Nd3 50. Kd6 Nc5 51. Ke7 Nd3 52. Kf6 Ne1 53. Kg6 Nxg2 54. Kxh6 Ne1 55. Kxg5 Nxf3+ 56. Kxf4 Nh4 57. Kg4 Ng6 58. Kg5 Ne7 59. Bf7 Nc6 60. h4 Ne5 61. Bg8 Nf3+ 62. Kh5 Ne5 63. Kh6 Ng4+ 64. Kg5 Ne5 65. h5 Nd7 66. h6 Nf8 67. Kf6 Nd7+ 68. Kg7 Ne5 69. h7 Nd7 70. h8=Q 1-0

[Event "4NCL Online Division 6"]
[Site "online"]
[Date "2021.03.23"]
[EventDate "2021.03.23"]
[Round "5.33"]
[White "Doubleday, Peter"]
[WhiteElo "1420"]
[WhiteTeam "Cornish Wreckers"]
[Black "Li, Reya"]
[BlackElo "1462"]
[BlackTeam "MCS Oxford B"]
[Result "0-1"]
[PlyCount "140"]

1. e4 d5 2. exd5 Qxd5 3. Nc3 Qa5 4. d4 Nf6 5. Bd2 c6 6. Nf3 Bf5 7. Ne4 Qd8 8. Nxf6+ gxf6 9. Bc4 Nd7 10. Bb3 e6 11. Nh4 Bg6 12. Nxg6 hxg6 13. Qf3 Qc7 14. g3 Bd6 15. O-O-O O-O-O 16. Bc3 Rhe8 17. Kb1 f5 18. h4 Nf6 19. Rhe1 Ne4 20. h5 gxh5 21. Qxh5 Nxf2 22. Rc1 Bxg3 23. Rg1 Ne4 24. Qf3 Rg8 25. Ka1 Bf4 26. Rcf1 Bd2 27. Rxg8 Rxg8 28. Rd1 Rg3 29. Qf1 Bxc3 30. bxc3 Rxc3 31. Qg2 Qg3 32. Qh1 Qh3 33. Qg1 Rg3 34. Qe1 Nc3 35. Rc1 Re3 36. Qg1 Kd7 37. Qg8 Qh5 38. Qb8 Nb5 39. Qxb7+ Nc7 40. Ba4 Qf3 41. Qxa7 Ra3 42. Qa5 Qc3+ 43. Qxc3 Rxc3 44. Bb3 Nb5 45. Kb2 Rf3 46. Rd1 f4 47. a4 Na7 48. Bc4 Kc7 49. Rg1 Rg3 50. Rf1 f3 51. Rh1 Rg4 52. Rh7 Rf4 53. Bxe6 f2 54. Bc4 f1=Q 55. Bxf1 Rxf1 56. c3 Kb6 57. Rh5 Nc8 58. Rc5 Nd6 59. a5+ Kb7 60. a6+ Kb6 61. a7 Kxa7 62. Rxc6 Nb5 63. Rc5 Kb6 64. Rc8 Nd6 65. Rc5 f5 66. Kc2 f4 67. Kd3 Rf3+ 68. Ke2 Re3+ 69. Kf2 Ne4+ 70. Kf1 Nxc5 0-1

[Event "4NCL Online Division 6"]
[Site "online"]
[Date "2021.03.23"]
[EventDate "2021.03.23"]
[Round "5.34"]
[White "Masacorale, Jamie"]
[WhiteElo "1323"]
[WhiteTeam "MCS Oxford B"]
[Black "Taylor, Russell"]
[BlackElo "1400"]
[BlackTeam "Cornish Wreckers"]
[Result "1/2-1/2"]
[PlyCount "76"]

1. d4 d5 2. Nf3 Nf6 3. Bf4 e6 4. e3 c5 5. c4 Nc6 6. Nc3 Be7 7. Nb5 O-O 8. Be2 a6 9. Nc3 Bd7 10. O-O b6 11. b3 cxd4 12. Nxd4 Nxd4 13. Qxd4 Bc5 14. Qd2 Bc6 15. cxd5 exd5 16. Bg5 Kh8 17. Rad1 Bb4 18. Qd3 Bxc3 19. Qxc3 Qd6 20. Bxf6 Qxf6 21. Qxf6 gxf6 22. Rc1 Bd7 23. Rfd1 Be6 24. Rc6 b5 25. a4 bxa4 26. bxa4 a5 27. f3 Rfb8 28. Bb5 Kg7 29. Kf2 Ra7 30. Rd2 Rab7 31. Rc5 Rb6 32. Rd4 h6 33. Kg3 f5 34. h3 Kh7 35. Kf4 Rg8 36. g4 fxg4 37. hxg4 Rg5 38. Rc1 Rd6 1/2-1/2

[Event "4NCL Online Division 6"]
[Site "online"]
[Date "2021.03.23"]
[EventDate "2021.03.23"]
[Round "5.41"]
[White "Chatys, Tim"]
[WhiteElo "1788"]
[WhiteTeam "Ashton 1"]
[Black "Cooney, Thomas"]
[BlackElo "1568"]
[BlackTeam "St Benildus D"]
[Result "0-1"]
[PlyCount "40"]

1. e4 e6 2. d4 d5 3. exd5 exd5 4. Bd3 c6 5. Nf3 Bd6 6. O-O Ne7 7. h3 Qc7 8. Re1 Be6 9. Be3 Nd7 10. Nbd2 O-O-O 11. b3 h6 12. c4 g5 13. c5 Bf4 14. b4 g4 15. hxg4 Bxg4 16. Qa4 Kb8 17. Bxf4 Qxf4 18. Rxe7 Rhg8 19. Be2 Bh3 20. g3 Rxg3+ 0-1

[Event "4NCL Online Division 6"]
[Site "online"]
[Date "2021.03.23"]
[EventDate "2021.03.23"]
[Round "5.42"]
[White "Brady, Fearghal"]
[WhiteElo "1499"]
[WhiteTeam "St Benildus D"]
[Black "McBeath, Joel"]
[BlackElo "1638"]
[BlackTeam "Ashton 1"]
[Result "1/2-1/2"]
[PlyCount "104"]

1. Nf3 Nf6 2. g3 b6 3. Bg2 Bb7 4. O-O e6 5. d4 Be7 6. c4 O-O 7. Nc3 Ne4 8. Qc2 Nxc3 9. bxc3 Nc6 10. e4 Na5 11. Nd2 Ba6 12. e5 Rc8 13. Be4 Nxc4 14. Bxh7+ Kh8 15. Bd3 Na3 16. Bxa3 Bxd3 17. Qxd3 Bxa3 18. f4 Be7 19. f5 exf5 20. Qxf5 f6 21. Qh5+ Kg8 22. exf6 Bxf6 23. Ne4 Qe8 24. Qd5+ Kh8 25. Rf5 Qe6 26. Nxf6 Rxf6 27. Raf1 Qxd5 28. Rxd5 Rxf1+ 29. Kxf1 Rf8+ 30. Ke2 d6 31. Rh5+ Kg8 32. Rh4 Rf5 33. Re4 Ra5 34. Re7 Rxa2+ 35. Kd3 Rxh2 36. Rxc7 Rg2 37. Rxa7 Rxg3+ 38. Kc4 d5+ 39. Kb4 Rf3 40. Rb7 Rf6 41. Rd7 Rf5 42. Rb7 g5 43. Rxb6 Kf7 44. c4 dxc4 45. Kxc4 g4 46. d5 g3 47. Rb1 Kf6 48. Kc5 Kg5 49. Kc6 Kg4 50. d6 g2 51. Rg1 Kf3 52. d7 Rf8 1/2-1/2

[Event "4NCL Online Division 6"]
[Site "online"]
[Date "2021.03.23"]
[EventDate "2021.03.23"]
[Round "5.43"]
[White "Acharya, Kandara"]
[WhiteElo "1654"]
[WhiteTeam "Ashton 1"]
[Black "Lievens, Karel"]
[BlackElo "1512"]
[BlackTeam "St Benildus D"]
[Result "0-1"]
[PlyCount "102"]

1. e4 e5 2. Nf3 Nc6 3. Nc3 Nf6 4. d4 exd4 5. Nxd4 Bb4 6. Nxc6 bxc6 7. Bd3 d5 8. exd5 O-O 9. O-O Bg4 10. Be2 Bxe2 11. Qxe2 Bxc3 12. bxc3 Nxd5 13. Bb2 Rb8 14. Rab1 Qf6 15. Qd3 Rb6 16. Ba1 Rfb8 17. Rxb6 Nxb6 18. c4 Qd6 19. Qc3 Qg6 20. Rb1 Re8 21. Re1 Rxe1+ 22. Qxe1 Kf8 23. Qe5 Qxc2 24. Qxg7+ Ke7 25. Qf6+ Ke8 26. Qxc6+ Kd8 27. Bf6+ Kc8 28. g3 Qxc4 29. Qxc4 Nxc4 30. f4 Nd6 31. Bd4 Nb5 32. Be5 c5 33. Kf2 Kd7 34. Ke3 Ke6 35. a4 Nd6 36. Kd3 f6 37. Bb2 f5 38. Be5 Kd5 39. Bxd6 Kxd6 40. Kc4 Kc6 41. h3 h5 42. Kd3 Kd5 43. g4 hxg4 44. h4 Ke6 45. Ke3 Kf6 46. h5 c4 47. Kf2 c3 48. Ke1 g3 49. Ke2 g2 50. Kf2 c2 51. Kxg2 c1=Q 0-1

[Event "4NCL Online Division 6"]
[Site "online"]
[Date "2021.03.23"]
[EventDate "2021.03.23"]
[Round "5.44"]
[White "Kashanin, Daniil"]
[WhiteElo "1384"]
[WhiteTeam "St Benildus D"]
[Black "Supatan, Denzel"]
[BlackElo "1632"]
[BlackTeam "Ashton 1"]
[Result "1-0"]
[PlyCount "49"]

1. e4 e6 2. d4 d5 3. Nd2 Nf6 4. e5 Nfd7 5. Bd3 c5 6. c3 Nc6 7. Ne2 Qb6 8. Nf3 Be7 9. O-O O-O 10. Qc2 cxd4 11. Bxh7+ Kh8 12. cxd4 g6 13. Bxg6 fxg6 14. Qxg6 Nd8 15. Bh6 Rf7 16. Ng5 Bxg5 17. Qxg5 Qc7 18. Rac1 Qb6 19. Nf4 Nf8 20. Bxf8 Rxf8 21. Ng6+ Kh7 22. Nxf8+ Kh8 23. Ng6+ Kh7 24. Nf8+ Kh8 25. Qg6 1-0

[Event "4NCL Online Division 6"]
[Site "online"]
[Date "2021.03.23"]
[EventDate "2021.03.23"]
[Round "5.51"]
[White "Wilson, Matthew R"]
[WhiteElo "1891"]
[WhiteTeam "Wolfpack 1"]
[Black "Mundy, Jack"]
[BlackElo "1496"]
[BlackTeam "Ashton 2"]
[Result "0-1"]
[PlyCount "48"]

1. e4 d6 2. Nc3 g6 3. f4 Bg7 4. Nf3 Nc6 5. Bc4 Bg4 6. Bxf7+ Kxf7 7. Ng5+ Ke8 8. Qxg4 Nf6 9. Qg3 Qd7 10. d3 e5 11. O-O Nd4 12. Qf2 Ng4 13. Qd2 h6 14. Nf3 Rf8 15. h3 Nf6 16. fxe5 Nxf3+ 17. Rxf3 dxe5 18. Qf2 c6 19. Be3 Kd8 20. Bxa7 Nh7 21. Bb6+ Ke8 22. Rxf8+ Bxf8 23. Qg3 Qe6 24. Ba5 Rxa5 0-1

[Event "4NCL Online Division 6"]
[Site "online"]
[Date "2021.03.23"]
[EventDate "2021.03.23"]
[Round "5.52"]
[White "Rogers, Max"]
[WhiteElo "1549"]
[WhiteTeam "Ashton 2"]
[Black "Collett, Ray A"]
[BlackElo "1884"]
[BlackTeam "Wolfpack 1"]
[Result "0-1"]
[PlyCount "62"]

1. e4 c5 2. c3 e6 3. d4 d5 4. e5 Nc6 5. Nf3 Qb6 6. Be2 Nge7 7. Na3 Ng6 8. Nc2 cxd4 9. cxd4 Bd7 10. b3 h6 11. Bb2 Nb4 12. a3 Nxc2+ 13. Qxc2 Nf4 14. O-O Rc8 15. Qd2 Nxe2+ 16. Qxe2 Bb5 17. Qe3 Bxf1 18. Kxf1 Be7 19. Re1 O-O 20. Nd2 Rc2 21. Bc1 Rfc8 22. Nf3 R2c3 23. Qf4 Qxb3 24. Bd2 Rc2 25. Qe3 Qa4 26. Rb1 b5 27. Qb3 Qxb3 28. Rxb3 a6 29. Bb4 Bxb4 30. axb4 Ra2 31. Ne1 Rc1 0-1

[Event "4NCL Online Division 6"]
[Site "online"]
[Date "2021.03.23"]
[EventDate "2021.03.23"]
[Round "5.53"]
[White "Bloom, Paul"]
[WhiteElo "1700"]
[WhiteTeam "Wolfpack 1"]
[Black "Supatan, Dawn"]
[BlackElo "1419"]
[BlackTeam "Ashton 2"]
[Result "1-0"]
[PlyCount "25"]

1. e4 e5 2. Nf3 Nc6 3. Bb5 Nf6 4. O-O Bc5 5. Bxc6 bxc6 6. Nxe5 O-O 7. d4 Bb6 8. Bg5 Re8 9. Nc3 Bb7 10. Ng4 Qc8 11. Nxf6+ gxf6 12. Bxf6 d6 13. Qh5 1-0

[Event "4NCL Online Division 6"]
[Site "online"]
[Date "2021.03.23"]
[EventDate "2021.03.23"]
[Round "5.54"]
[White "Clayton, Ellie-Mae"]
[WhiteElo "1005"]
[WhiteTeam "Ashton 2"]
[Black "Gliddon, Daniel J"]
[BlackElo "1696"]
[BlackTeam "Wolfpack 1"]
[Result "0-1"]
[PlyCount "54"]

1. e4 d6 2. d4 Nf6 3. Nc3 g6 4. f3 Bg7 5. Be3 O-O 6. Qd2 e5 7. Nge2 Nbd7 8. Ng3 exd4 9. Bxd4 c5 10. Bf2 Ne5 11. O-O-O Ne8 12. Bxc5 Qh4 13. Bb4 Bh6 14. Nd5 Bxd2+ 15. Rxd2 Be6 16. Bb5 Bxd5 17. Bxe8 Rfxe8 18. Rxd5 Nc4 19. b3 Qf4+ 20. Kb1 a5 21. Rhd1 axb4 22. bxc4 Qe3 23. Rb5 Qc3 24. Rxb7 Rxa2 25. Kxa2 Ra8+ 26. Ra7 Rxa7+ 27. Kb1 Ra1# 0-1

[Event "4NCL Online Division 6"]
[Site "online"]
[Date "2021.03.23"]
[EventDate "2021.03.23"]
[Round "5.61"]
[White "Muhunthan, Charukgan"]
[WhiteElo "1802"]
[WhiteTeam "Redbridge All Sorts 2"]
[Black "Lampard, Alice"]
[BlackElo "1962"]
[BlackTeam "Wells Globetrotters"]
[Result "0-1"]
[PlyCount "98"]

1. e4 c5 2. Nf3 Nc6 3. d4 cxd4 4. Nxd4 g6 5. Nc3 Bg7 6. Be3 Nf6 7. f3 O-O 8. Qd2 d5 9. Nxc6 bxc6 10. exd5 Nxd5 11. Nxd5 Qxd5 12. Qxd5 cxd5 13. c3 e5 14. O-O-O Be6 15. Ba6 Rfd8 16. Bc5 d4 17. cxd4 exd4 18. a3 Bh6+ 19. Kc2 Bf5+ 20. Bd3 Rac8 21. b4 Bd7 22. Kb3 Be6+ 23. Kb2 Rc7 24. Be4 Rxc5 25. bxc5 Rb8+ 26. Ka1 d3 27. Rb1 Bg7+ 28. Rb2 Bxb2+ 29. Kb1 Bxa3+ 30. Ka1 d2 31. Rd1 Bb2+ 32. Kb1 Be5+ 33. Kc2 Bb3+ 34. Kxd2 Bxd1 35. Kxd1 Bxh2 36. g4 a5 37. Bc2 h5 38. gxh5 gxh5 39. c6 h4 40. Ba4 h3 41. Ke2 Bc7 42. f4 h2 43. Kf2 h1=Q 44. Ke3 Bxf4+ 45. Kxf4 Qh4+ 46. Ke3 Qxa4 47. Kf2 Rb2+ 48. Kg3 Rb3+ 49. Kf2 Qa2+ 0-1

[Event "4NCL Online Division 6"]
[Site "online"]
[Date "2021.03.23"]
[EventDate "2021.03.23"]
[Round "5.62"]
[White "Humphreys, Paul"]
[WhiteElo "1700"]
[WhiteTeam "Wells Globetrotters"]
[Black "Sheard, Jack"]
[BlackElo "1856"]
[BlackTeam "Redbridge All Sorts 2"]
[Result "0-1"]
[PlyCount "56"]

1. d4 d5 2. Nc3 Nf6 3. Bf4 c6 4. e3 Bf5 5. f3 e6 6. g4 Bg6 7. h4 h5 8. g5 Nfd7 9. Bd3 Bxd3 10. cxd3 g6 11. a3 c5 12. Nge2 Nc6 13. dxc5 Nxc5 14. b4 Nd7 15. d4 Nb6 16. Nc1 Bd6 17. Nd3 Nc4 18. Qe2 Ne7 19. e4 Bxf4 20. Nxf4 O-O 21. Kf2 Rc8 22. Rhe1 dxe4 23. Nxe4 Qxd4+ 24. Kg2 Nf5 25. Nf6+ Kh8 26. Nxg6+ fxg6 27. Qxe6 Nce3+ 28. Kh3 Qxh4# 0-1

[Event "4NCL Online Division 6"]
[Site "online"]
[Date "2021.03.23"]
[EventDate "2021.03.23"]
[Round "5.63"]
[White "Sinha, Anup"]
[WhiteElo "1683"]
[WhiteTeam "Redbridge All Sorts 2"]
[Black "Johnson, RN Phil"]
[BlackElo "1628"]
[BlackTeam "Wells Globetrotters"]
[Result "0-1"]
[PlyCount "96"]

1. e4 c6 2. Nf3 d5 3. e5 c5 4. Bb5+ Nc6 5. O-O Bg4 6. c3 e6 7. d4 Qb6 8. Bxc6+ bxc6 9. a3 cxd4 10. cxd4 Bxf3 11. Qxf3 Qxd4 12. Re1 Qb6 13. b4 Ne7 14. Be3 Qc7 15. Bc5 Ng6 16. Bxf8 Rxf8 17. Nd2 Kd7 18. Qe3 Qb6 19. Qe2 Rfc8 20. Qf3 Ke8 21. Qh5 h6 22. Nf3 c5 23. bxc5 Qxc5 24. Qg4 Qc4 25. Qg3 Rab8 26. h3 Rb3 27. Rac1 Qa6 28. Rxc8+ Qxc8 29. a4 Ra3 30. Qg4 Qc4 31. Qg3 Qc2 32. Qg4 Rxa4 33. Qg3 Ra3 34. Qg4 Qa4 35. Qg3 a5 36. h4 Qf4 37. Qxf4 Nxf4 38. Rb1 g6 39. Rb8+ Ke7 40. Rh8 a4 41. Rxh6 Ra1+ 42. Kh2 Rf1 43. Kg3 Ne2+ 44. Kh2 a3 45. Rh8 a2 46. Rh7 Rxf2 47. Ng5 a1=Q 48. h5 Qxe5+ 0-1

[Event "4NCL Online Division 6"]
[Site "online"]
[Date "2021.03.23"]
[EventDate "2021.03.23"]
[Round "5.64"]
[White "Austin, Antony"]
[WhiteElo "1340"]
[WhiteTeam "Wells Globetrotters"]
[Black "Wilson, Michael GA"]
[BlackElo "1688"]
[BlackTeam "Redbridge All Sorts 2"]
[Result "0-1"]
[PlyCount "136"]

1. d4 Nf6 2. Nf3 d5 3. Bf4 c5 4. e3 Nc6 5. Nbd2 Qb6 6. b3 cxd4 7. exd4 Nxd4 8. Be3 Nxf3+ 9. Qxf3 Qa5 10. Bd3 Bg4 11. Qf4 e6 12. O-O Be7 13. c4 Rd8 14. Nf3 Bxf3 15. Qxf3 O-O 16. Qh3 dxc4 17. Bxc4 b6 18. a4 Qh5 19. Qg3 Bd6 20. Bf4 Bxf4 21. Qxf4 Nd5 22. Qg3 Rc8 23. Rfe1 Nf6 24. Re5 Qg4 25. Qe3 Rfd8 26. f3 Qd4 27. Qxd4 Rxd4 28. a5 Nd7 29. Rh5 g6 30. Rg5 h6 31. Rg3 Ne5 32. Ba6 Rc3 33. axb6 axb6 34. Rb1 Rb4 35. f4 Rxg3 36. hxg3 Nc6 37. Rc1 Na5 38. Bc4 b5 39. Be2 Rxb3 40. Rc8+ Kg7 41. Rb8 b4 42. Kh2 Nc6 43. Rb5 Nd4 44. Re5 Nxe2 45. Rxe2 Rc3 46. g4 b3 47. Rb2 Kf6 48. Kg1 g5 49. fxg5+ Kxg5 50. Kf1 Kxg4 51. Ke1 h5 52. Kd2 Rg3 53. Kc1 e5 54. Re2 f6 55. Kb2 h4 56. Re4+ Kg5 57. Re2 h3 58. gxh3 Rxh3 59. Rg2+ Kf4 60. Rf2+ Rf3 61. Rd2 e4 62. Rd4 f5 63. Rc4 Kg3 64. Rd4 Rd3 65. Rc4 e3 66. Rc1 Kf2 67. Rc5 f4 68. Rc4 f3 0-1